|
|
|
|
| LEADER |
00000cam a2200000 c 4500 |
| 001 |
27397713X |
| 003 |
DE-627 |
| 005 |
20260206200434.0 |
| 007 |
tu |
| 008 |
990101s1987 gw ||||| 00| ||ger c |
| 015 |
|
|
|a 87,N35,0600
|2 dnb
|
| 015 |
|
|
|a 88,A12,1357
|2 dnb
|
| 016 |
7 |
|
|a 870991558
|2 DE-101
|
| 020 |
|
|
|a 3883493368
|9 3-88349-336-8
|
| 035 |
|
|
|a (DE-627)27397713X
|
| 035 |
|
|
|a (DE-603)007892691
|
| 035 |
|
|
|a (DE-576)013284894
|
| 035 |
|
|
|a (DE-599)GBV27397713X
|
| 035 |
|
|
|a (OCoLC)231883571
|
| 035 |
|
|
|a (OCoLC)844919495
|
| 035 |
|
|
|a (OCoLC)24596553
|
| 035 |
|
|
|a (AT-OBV)AC05607876
|
| 040 |
|
|
|a DE-627
|b ger
|c DE-627
|e rakwb
|
| 041 |
|
|
|a ger
|
| 044 |
|
|
|c XA-DE
|
| 082 |
0 |
|
|a 943/.00491497
|
| 082 |
0 |
|
|a 943.00491497
|q LoC
|2 DDC21oclc
|
| 084 |
|
|
|a 63
|2 sdnb
|
| 084 |
|
|
|a 64
|2 sdnb
|
| 084 |
|
|
|a LB 48000
|2 rvk
|0 (DE-625)rvk/90563:772
|
| 084 |
|
|
|a NW 8290
|2 rvk
|0 (DE-625)rvk/132312:
|
| 084 |
|
|
|a LB 48015
|2 rvk
|0 (DE-625)rvk/90563:778
|
| 084 |
|
|
|a MS 3500
|2 rvk
|0 (DE-625)rvk/123682:
|
| 084 |
|
|
|a 71.62
|2 bkl
|
| 245 |
0 |
0 |
|a Zigeuner im Spiegel früher Chroniken und Abhandlungen
|b Quellen vom 15. bis zum 18. Jh.
|c Reimer Gronemeyer
|
| 264 |
|
1 |
|a Giessen
|b Focus
|c 1987
|
| 300 |
|
|
|a 166 S
|b Ill
|c 29 cm
|
| 336 |
|
|
|a Text
|b txt
|2 rdacontent
|
| 337 |
|
|
|a ohne Hilfsmittel zu benutzen
|b n
|2 rdamedia
|
| 338 |
|
|
|a Band
|b nc
|2 rdacarrier
|
| 490 |
1 |
|
|a Gießener Hefte für Tsiganologie
|a Jahrbuch
|v 1987
|
| 500 |
|
|
|a Auch als: Jahrbuch d. Gießener Hefte für Tsiganologie ; 1987
|
| 583 |
1 |
|
|a Archivierung prüfen
|c 20240324
|f DE-4165
|z 3
|2 pdager
|
| 648 |
|
7 |
|a Geschichte 1400-1800
|2 gnd
|
| 650 |
0 |
7 |
|0 (DE-588)4067777-1
|0 (DE-627)104306386
|0 (DE-576)209171359
|a Zigeuner
|2 gnd
|
| 651 |
|
7 |
|0 (DE-588)4011882-4
|0 (DE-627)104704861
|0 (DE-576)208896155
|a Deutschland
|2 gnd
|
| 655 |
|
7 |
|a Quelle
|0 (DE-588)4135952-5
|0 (DE-627)105661236
|0 (DE-576)209665084
|2 gnd-content
|
| 689 |
0 |
0 |
|d g
|0 (DE-588)4011882-4
|0 (DE-627)104704861
|0 (DE-576)208896155
|a Deutschland
|2 gnd
|
| 689 |
0 |
1 |
|d s
|0 (DE-588)4067777-1
|0 (DE-627)104306386
|0 (DE-576)209171359
|a Zigeuner
|2 gnd
|
| 689 |
0 |
2 |
|a z
|2 gnd
|a Geschichte 1435-1741
|
| 689 |
0 |
|
|5 DE-101
|
| 689 |
1 |
0 |
|d s
|0 (DE-588)4067777-1
|0 (DE-627)104306386
|0 (DE-576)209171359
|a Zigeuner
|2 gnd
|
| 689 |
1 |
1 |
|a z
|2 gnd
|a Geschichte 1435-1741
|
| 689 |
1 |
|
|5 DE-101
|
| 689 |
2 |
0 |
|d s
|0 (DE-588)4067777-1
|0 (DE-627)104306386
|0 (DE-576)209171359
|a Zigeuner
|2 gnd
|
| 689 |
2 |
1 |
|d g
|0 (DE-588)4070370-8
|0 (DE-627)104529369
|0 (DE-576)209180447
|a Deutsches Sprachgebiet
|2 gnd
|
| 689 |
2 |
2 |
|a z
|2 gnd
|a Geschichte 1400-1800
|
| 689 |
2 |
|
|5 DE-101
|
| 689 |
3 |
0 |
|d s
|0 (DE-588)4067777-1
|0 (DE-627)104306386
|0 (DE-576)209171359
|a Zigeuner
|2 gnd
|
| 689 |
3 |
1 |
|a z
|2 gnd
|a Geschichte 1400-1800
|
| 689 |
3 |
|
|5 DE-101
|
| 700 |
1 |
|
|a Gronemeyer, Reimer
|d 1939-
|e Hrsg.
|0 (DE-588)120077809
|0 (DE-627)080431143
|0 (DE-576)161208843
|4 edt
|
| 830 |
|
0 |
|a Gießener Hefte für Tsiganologie
|v 1987
|9 198700
|w (DE-627)169501396
|w (DE-576)013455133
|w (DE-600)998482-3
|x 0175-730X
|7 am
|
| 856 |
4 |
2 |
|u http://d-nb.info/880270209/04
|m B:DE-101
|q application/pdf
|v 20130501
|x Verlag
|3 Inhaltsverzeichnis
|7 1
|
| 889 |
|
|
|w (DE-627)082845441
|
| 889 |
|
|
|w (DE-627)163751536
|
| 935 |
|
|
|i mdedup
|
| 935 |
|
|
|i Blocktest
|
| 936 |
r |
v |
|a LB 48000
|b Darstellung ohne geografischen Bezug
|k Sozial- und Kulturanthropologie. Empirische Kulturwissenschaft
|k Soziale und politische Organisation und Praxis
|k Ethnische Gruppen, Ethnizität, multikulturelle Gesellschaft
|k Darstellung ohne geografischen Bezug
|0 (DE-627)1270927086
|0 (DE-625)rvk/90563:772
|0 (DE-576)200927086
|
| 936 |
r |
v |
|a NW 8290
|b Sonstiges (Unehrliche Berufe, Leute)
|k Geschichte
|k Wirtschafts- und Sozialgeschichte
|k Spezielle Sozialgeschichte
|k Einzelne Stände und Gesellschaftsgruppen
|k Sonstiges (Unehrliche Berufe, Leute)
|0 (DE-627)1271460947
|0 (DE-625)rvk/132312:
|0 (DE-576)201460947
|
| 936 |
r |
v |
|a LB 48015
|b Deutschland insgesamt
|k Sozial- und Kulturanthropologie. Empirische Kulturwissenschaft
|k Soziale und politische Organisation und Praxis
|k Ethnische Gruppen, Ethnizität, multikulturelle Gesellschaft
|k Europa
|k Mitteleuropa
|k Deutschland
|k Deutschland insgesamt
|0 (DE-627)1271488582
|0 (DE-625)rvk/90563:778
|0 (DE-576)201488582
|
| 936 |
r |
v |
|a MS 3500
|b Sinti und Roma
|k Soziologie
|k Spezielle Soziologien
|k Soziologie der Minoritäten und Randgruppen
|k Sinti und Roma
|0 (DE-627)1271441047
|0 (DE-625)rvk/123682:
|0 (DE-576)201441047
|
| 936 |
b |
k |
|a 71.62
|j Ethnische Beziehungen
|0 (DE-627)106410423
|
| 936 |
s |
n |
|a l100
|2 mzub
|
| 936 |
s |
n |
|a n100
|2 mzub
|
| 936 |
s |
n |
|a m200
|2 mzub
|
| 951 |
|
|
|a BO
|
| ELC |
|
|
|b 1
|
| LOK |
|
|
|0 000 xxxxxcx a22 zn 4500
|
| LOK |
|
|
|0 001 3273832436
|
| LOK |
|
|
|0 003 DE-627
|
| LOK |
|
|
|0 004 27397713X
|
| LOK |
|
|
|0 005 20140214133803
|
| LOK |
|
|
|0 008 140214||||||||||||||||ger|||||||
|
| LOK |
|
|
|0 040
|a DE-21-110
|c DE-627
|d DE-21-110
|
| LOK |
|
|
|0 689
|a s
|a Zigeuner
|
| LOK |
|
|
|0 689
|a s
|a Sinti und Roma
|
| LOK |
|
|
|0 852
|z Kein Bestand am IfK; Nachweis für KrimDok
|
| LOK |
|
|
|0 852
|a DE-21-110
|
| LOK |
|
|
|0 852 1
|m v
|9 00
|
| LOK |
|
|
|0 935
|a k110
|
| LOK |
|
|
|0 938
|k v
|
| LOK |
|
|
|0 939
|a 14-02-14
|b l01
|
| ORI |
|
|
|a SA-MARC-krimdoka001.raw
|
| TIM |
|
|
|a 100014350101_100017411231
|b Geschichte 1435-1741
|